[Event "EU-ch 16th"]
[White "Zlatin, Alexander"]
[Black "Samarin, Leonid"]
[Site "Jerusalem"]
[Round "5"]
[Result "1-0"]
[Date "2015.03.01"]
[WhiteElo "2086"]
[BlackElo "1748"]
[PlyCount "73"]
[EventDate "2015.02.24"]
[EventType "swiss"]
[EventRounds "11"]
[EventCountry "ISR"]
[SourceTitle "CBM 166"]
[Source "ChessBase"]
[SourceDate "2015.05.11"]
[SourceVersion "1"]
[SourceVersionDate "2015.05.11"]
[SourceQuality "1"]

1. e4 e6 2. d4 d5 3. Nd2 dxe4 4. Nxe4 Nd7 5. Nf3 Ngf6 6. Nxf6+ Nxf6 7. Bd3 Be7 8. 0-0 0-0 9. Re1 b6 10. Ne5 Bb7 11. Be2 Nd7 12. Bf3 Bxf3 13. Qxf3 Nxe5 14. dxe5 Bg5 15. Bxg5 Qxg5 16. Qc6 Rac8 17. Re3 Rfd8 18. Rae1 h6 19. h3 a5 20. Qb7 Qe7 21. a3 Rb8 22. Qe4 c5 23. Rg3 Rd4 24. Qe3 Kh8 25. c3 Rd5 26. Qf4 Rg8 27. Rf3 Rf8 28. h4 f5 29. Rg3 Rfd8 30. Rg6 Kh7 31. h5 Rd1 32. Rxd1 Rxd1+ 33. Kh2 Re1 34. Qg3 Qd7 35. f4 Qd1 36. Rxg7+ Kh8 37. Rg8+ 1-0

[Event "EU-ch 16th"]
[White "Shtivelband, Vladimir"]
[Black "Samarin, Leonid"]
[Site "Jerusalem"]
[Round "2"]
[Result "1/2-1/2"]
[Date "2015.02.25"]
[WhiteElo "2141"]
[BlackElo "1748"]
[PlyCount "96"]
[EventDate "2015.02.24"]
[EventType "swiss"]
[EventRounds "11"]
[EventCountry "ISR"]
[SourceTitle "CBM 166"]
[Source "ChessBase"]
[SourceDate "2015.05.11"]
[SourceVersion "1"]
[SourceVersionDate "2015.05.11"]
[SourceQuality "1"]

1. d4 d5 2. c4 Nf6 3. cxd5 Nxd5 4. e4 Nb6 5. Nc3 g6 6. h4 h5 7. Be2 Nc6 8. Nf3 Bg7 9. d5 Ne5 10. Bf4 Nxf3+ 11. Bxf3 e5 12. dxe6 Bxe6 13. Qxd8+ Kxd8 14. 0-0-0+ Kc8 15. Nb5 Bh6 16. Bxh6 Rxh6 17. b3 a6 18. Nd4 Nd7 19. Rd2 Ne5 20. Rhd1 Bd7 21. Be2 Rh8 22. Nf3 Nxf3 23. Rxd7 Ne5 24. Re7 f6 25. Rg7 b6 26. f4 Ng4 27. Rdd7 Ra7 28. g3 Nf2 29. Bf3 Re8 30. Rdf7 Nxe4 31. Bxe4 Rxe4 32. Rxf6 Re1+ 33. Kb2 Re2+ 34. Ka3 b5 35. Rg8+ Kb7 36. Kb4 Rc2 37. a3 Ra2 38. Rgxg6 a5+ 39. Kxb5 Rxa3 40. Kc4 a4 41. bxa4 R7xa4+ 42. Kd5 Re3 43. Re6 Ra5+ 44. Kd4 Rb3 45. Rc6 Raa3 46. f5 Rf3 47. Ke4 Rae3+ 48. Kd4 Rd3+ 1/2-1/2

[Event "Marianske Lazne op 12th"]
[White "Samarin, Leonid"]
[Black "Kulas, Szymon"]
[Site "Marianske Lazne"]
[Round "7"]
[Result "0-1"]
[Date "2013.01.24"]
[WhiteElo "1787"]
[BlackElo "2042"]
[PlyCount "88"]
[EventDate "2013.01.19"]
[EventType "swiss"]
[EventRounds "9"]
[EventCountry "CZE"]
[SourceTitle "CBM 152 Extra"]
[Source "ChessBase"]
[SourceDate "2013.02.25"]
[SourceVersion "1"]
[SourceVersionDate "2013.02.25"]
[SourceQuality "1"]

1. e4 c5 2. Nf3 e6 3. d4 cxd4 4. Nxd4 Nc6 5. Nc3 Qc7 6. Be3 a6 7. Be2 Nf6 8. 0-0 Bb4 9. Nxc6 bxc6 10. Qd3 0-0 11. Bf3 e5 12. a3 Be7 13. Rfd1 d6 14. h3 Be6 15. Na4 Nd7 16. c4 f5 17. exf5 Bxf5 18. Be4 Bxe4 19. Qxe4 Kh8 20. b4 Nf6 21. Qd3 Nh5 22. Nc3 Nf4 23. Bxf4 Rxf4 24. Ne4 Rd8 25. Rac1 Qb7 26. Nc5 Qc8 27. Na4 h6 28. b5 axb5 29. cxb5 Rxa4 30. Rxc6 Qb7 31. Rdc1 Rd4 32. Qb3 Bg5 33. R1c3 Bd2 34. Rf3 Rb8 35. Rf7 Qxc6 36. Rf8+ Rxf8 37. bxc6 Rdf4 38. f3 e4 39. c7 exf3 40. g3 f2+ 41. Kf1 Re4 42. Qf3 Re1+ 43. Kg2 f1Q+ 44. Qxf1 Rexf1 0-1

[Event "Marianske Lazne op 12th"]
[White "Samarin, Leonid"]
[Black "Jablon, Stephen Eric"]
[Site "Marianske Lazne"]
[Round "5"]
[Result "1-0"]
[Date "2013.01.22"]
[WhiteElo "1787"]
[BlackElo "1931"]
[PlyCount "95"]
[EventDate "2013.01.19"]
[EventType "swiss"]
[EventRounds "9"]
[EventCountry "CZE"]
[SourceTitle "CBM 152 Extra"]
[Source "ChessBase"]
[SourceDate "2013.02.25"]
[SourceVersion "1"]
[SourceVersionDate "2013.02.25"]
[SourceQuality "1"]

1. c4 c6 2. Nc3 d5 3. cxd5 cxd5 4. d4 e5 5. e3 e4 6. f3 f5 7. fxe4 dxe4 8. Bc4 Bd6 9. Nge2 a6 10. Qb3 Nh6 11. Bd2 Nc6 12. Be6 Nb4 13. Nf4 Bxf4 14. Bxc8 Qh4+ 15. Kd1 Rxc8 16. Qxb4 Bxh2 17. Kc2 Qg3 18. Qa4+ b5 19. Qxa6 0-0 20. Qxb5 Ng4 21. Qe2 Rc6 22. b4 Rfc8 23. Kb2 g6 24. Rac1 Nf2 25. Be1 Nd3+ 26. Qxd3 Qxg2+ 27. Qc2 Qxh1 28. Bg3 Rxc3 29. Qxc3 Qxc1+ 30. Qxc1 Rxc1 31. Bxh2 Rc8 32. b5 g5 33. a4 f4 34. exf4 gxf4 35. Bxf4 Rc4 36. Kb3 Rxd4 37. b6 e3 38. b7 Rd8 39. a5 e2 40. Bg3 Kf7 41. Kc4 Ke6 42. a6 Rg8 43. Be1 Rb8 44. a7 Rxb7 45. a8Q Re7 46. Qd5+ Kf6 47. Bh4+ Kg7 48. Qg5+ 1-0